Telling the truth: (Record no. 359405)
[ view plain ]
| 000 -LEADER | |
|---|---|
| fixed length control field | 00785nam a2200229Ia 4500 |
| 003 - CONTROL NUMBER IDENTIFIER | |
| control field | SISC |
| 005 - DATE AND TIME OF LATEST TRANSACTION | |
| control field | 20181027092012.0 |
| 008 - FIXED-LENGTH DATA ELEMENTS--GENERAL INFORMATION | |
| fixed length control field | 181023s9999 xx 000 0 und d |
| 020 ## - INTERNATIONAL STANDARD BOOK NUMBER | |
| International Standard Book Number | 9789719808091 |
| 050 ## - LIBRARY OF CONGRESS CALL NUMBER | |
| Classification number | PN 3377.5 |
| Item number | .Ag283 2017 |
| 100 ## - MAIN ENTRY--PERSONAL NAME | |
| Personal name | Aguila, Augusto Antonio A. |
| 245 ## - TITLE STATEMENT | |
| Title | Telling the truth: |
| Remainder of title | the art of creative nonfiction for senior high school/ |
| Statement of responsibility, etc | Augusto Antonio A. Aguila, Ralph Semino Galan, John Jack Wigley |
| 260 ## - PUBLICATION, DISTRIBUTION, ETC. (IMPRINT) | |
| Place of publication, distribution, etc | Quezon City: |
| Name of publisher, distributor, etc | C and E Publishing, Inc. |
| Date of publication, distribution, etc | 2017 |
| 300 ## - PHYSICAL DESCRIPTION | |
| Extent | vii, 196 pages : |
| Dimensions | 25 cm. |
| 500 ## - GENERAL NOTE | |
| General note | Includes bibliographical reference and index. |
| 650 ## - SUBJECT ADDED ENTRY--TOPICAL TERM | |
| Topical term or geographic name as entry element | Creative writing |
| 650 ## - SUBJECT ADDED ENTRY--TOPICAL TERM | |
| Topical term or geographic name as entry element | English language -- Rhetoric |
| 700 ## - ADDED ENTRY--PERSONAL NAME | |
| Personal name | Galan, Ralph Semino |
| 700 ## - ADDED ENTRY--PERSONAL NAME | |
| Personal name | Wigley, John Jack G. |
| 942 ## - ADDED ENTRY ELEMENTS (KOHA) | |
| Source of classification or shelving scheme | Library of Congress Classification |
| Koha item type | Books |
| Withdrawn status | Lost status | Source of classification or shelving scheme | Damaged status | Home library | Current library | Shelving location | Date acquired | Source of acquisition | Total Checkouts | Total Renewals | Full call number | Barcode | Date last seen | Date checked out | Price effective from | Koha item type |
|---|---|---|---|---|---|---|---|---|---|---|---|---|---|---|---|---|
| Library of Congress Classification | Luxembourg Library | Luxembourg Library | Teachers Reference Section | 10/23/2018 | Donation | 5 | 8 | PN 3377.5 .Ag283 2017 | 20648 | 02/07/2020 | 01/10/2020 | 10/23/2018 | Books |